Laboratory instruments : (Record no. 2580)
[ view plain ]
| 000 -LEADER | |
|---|---|
| fixed length control field | 00432cam a22001331 4500 |
| 050 00 - LIBRARY OF CONGRESS CALL NUMBER | |
| Classification Number | QD185 |
| Item Number | .E46 |
| 100 1# - MAIN ENTRY--Author | |
| Personal name | Elliott, Arthur |
| 245 10 - TITLE | |
| Title | Laboratory instruments : |
| Remainder of title | their design and application / |
| Statement of responsibility, etc | by A. Elliott and J. Home Dickson. |
| 260 ## - PUBLICATION, DISTRIBUTION, ETC.(IMPRINT) | |
| Place of publication, distribution, etc | London [UK] : |
| Name of publisher, distributor, etc | Chapman & Hall Ltd., |
| Date of publication, distribution, etc | c1951. |
| 300 ## - PHYSICAL DESCRIPTION | |
| Extent | 414 p. |
| 500 ## - GENERALNOTE | |
| General note | includes index |
| 650 ## - SUBJECT--TOPIC | |
| Topical term following geographic name as entry element | Optical instruments ; |
| -- | Scientific apparatus and instruments |
| 942 ## - ADDED ENTRY ELEMENTS(KOHA) | |
| Koha item type | General circulation |
| Source of classification or shelving scheme | Not for loan | Location (home branch) | Sublocation (holding branch) | Date accessioned | Cost, normal purchase price | Full call number | Barcode | Cost, replacement price | Nonpublic note | Koha item type | Public note |
|---|---|---|---|---|---|---|---|---|---|---|---|
| Library of Congress Classification | Main Campus Library | Main Campus Library | 01/09/2014 | 3854.40 | QD185 .E46 | 2019/022737 | 4354.40 | Nzk | General circulation | Nzk |